सन्त वाणी (Record no. 55115)
[ view plain ]
| 000 -LEADER | |
|---|---|
| fixed length control field | 00543nam a22001697a 4500 |
| 003 - CONTROL NUMBER IDENTIFIER | |
| control field | MACL |
| 005 - DATE AND TIME OF LATEST TRANSACTION | |
| control field | 20160727132615.0 |
| 008 - FIXED-LENGTH DATA ELEMENTS--GENERAL INFORMATION | |
| fixed length control field | 160727b xxu||||| |||| 00| 0 eng d |
| 040 ## - CATALOGING SOURCE | |
| Transcribing agency | MACL |
| 041 ## - LANGUAGE CODE | |
| Language code of text/sound track or separate title | Hindi |
| 082 ## - DEWEY DECIMAL CLASSIFICATION NUMBER | |
| Classification number | 200 JAY |
| 100 ## - MAIN ENTRY--PERSONAL NAME | |
| Personal name | जयरामन, पी |
| 9 (RLIN) | 65491 |
| 245 ## - TITLE STATEMENT | |
| Title | सन्त वाणी |
| Statement of responsibility, etc. | पी. जयरामन |
| 260 ## - PUBLICATION, DISTRIBUTION, ETC. (IMPRINT) | |
| Place of publication, distribution, etc. | चैन्नई |
| Name of publisher, distributor, etc. | तलिनाडु हिन्दी साहित्य अकादमी |
| Date of publication, distribution, etc. | 2014 |
| 650 ## - SUBJECT ADDED ENTRY--TOPICAL TERM | |
| Topical term or geographic name as entry element | धर्म |
| 9 (RLIN) | 65493 |
| 942 ## - ADDED ENTRY ELEMENTS (KOHA) | |
| Source of classification or shelving scheme | |
| Koha item type | Hindi Books |
| Withdrawn status | Lost status | Source of classification or shelving scheme | Damaged status | Not for loan | Home library | Current library | Date acquired | Cost, normal purchase price | Total Checkouts | Full call number | Barcode | Date last seen | Price effective from | Koha item type | Date last checked out |
|---|---|---|---|---|---|---|---|---|---|---|---|---|---|---|---|
| MACL | MACL | 27/07/2016 | 695.00 | 200 JAY | CRH031665 | 27/07/2016 | 27/07/2016 | Hindi Books | |||||||
| MACL | MACL | 28/07/2016 | 695.00 | 1 | 200 JAY | CRH031660 | 19/12/2019 | 28/07/2016 | Hindi Books | 15/12/2019 | |||||
| MACL | MACL | 28/07/2016 | 695.00 | 200 JAY | CRH031666 | 28/07/2016 | 28/07/2016 | Hindi Books | |||||||
| MACL | MACL | 28/07/2016 | 695.00 | 200 JAY | CRH031667 | 28/07/2016 | 28/07/2016 | Hindi Books | |||||||
| MACL | MACL | 28/07/2016 | 695.00 | 200 JAY | CRH031664 | 28/07/2016 | 28/07/2016 | Hindi Books | |||||||
| MACL | MACL | 28/07/2016 | 695.00 | 200 JAY | CRH031661 | 28/07/2016 | 28/07/2016 | Hindi Books | |||||||
| MACL | MACL | 28/07/2016 | 695.00 | 200 JAY | CRH031663 | 28/07/2016 | 28/07/2016 | Hindi Books | |||||||
| MACL | MACL | 28/07/2016 | 695.00 | 200 JAY | CRH031662 | 28/07/2016 | 28/07/2016 | Hindi Books |









